Central Library OPAC University of Rajshahi

Dyeing with coal-tar dyestuffs / (Record no. 45651)

MARC details
000 -LEADER
fixed length control field 00799nam a22002533 4500
001 - CONTROL NUMBER
control field 45651
003 - CONTROL NUMBER IDENTIFIER
rucl marc code BD-RjUL
005 - DATE AND TIME OF LATEST TRANSACTION
control field 20211209054041.0
008 - FIXED-LENGTH DATA ELEMENTS--GENERAL INFORMATION
fixed length control field 191201r19501952enka 001 0 eng d
035 ## - SYSTEM CONTROL NUMBER
System control number OCLC pks04194335 from D980107K
040 ## - CATALOGING SOURCE
Original cataloging agency EQO
Transcribing agency EQO
Language of cataloging eng
041 ## - LANGUAGE CODE
Language code of text/sound track or separate title eng
082 ## - DEWEY DECIMAL CLASSIFICATION NUMBER
Edition number 23
Classification number 667.2
Author mark and year WHD 1950
100 1# - MAIN ENTRY--PERSONAL NAME
Personal name Whittaker, C. M.
Fuller form of name (Croyden Meredith),
Dates associated with a name 1878-
9 (RLIN) 235777
245 10 - TITLE STATEMENT
Title Dyeing with coal-tar dyestuffs /
Statement of responsibility, etc. by C.M. Whittaker and C.C. Wilcock.
250 ## - EDITION STATEMENT
Edition statement 5th ed.
260 ## - PUBLICATION, DISTRIBUTION, ETC. (IMPRINT)
Place of publication, distribution, etc. London :
Date of publication, distribution, etc. 1950[1952]
Name of publisher, distributor, etc. Bailliere, Tindall and cox ,
300 ## - PHYSICAL DESCRIPTION
Pagination vii , 375 p. :
Illustrations ill. ;
Size 24 cm
500 ## - GENERAL NOTE
General note Includes Index
650 ## - SUBJECT ADDED ENTRY--TOPICAL TERM
Topical term or geographic name as entry element Dyes and Pigments
9 (RLIN) 235778
700 1# - ADDED ENTRY--PERSONAL NAME
Personal name Wilcock, C. C.
942 ## - ADDED ENTRY ELEMENTS (KOHA)
Source of classification or shelving scheme Dewey Decimal Classification
Koha item type Books
Holdings
Lost status Source of classification or shelving scheme Damaged status Not for loan Collection code Permanent Location Current Location Shelving location Date acquired Total Checkouts Full call number Date last seen Copy number Koha item type
  Dewey Decimal Classification   Not For Loan Non-fiction Central Library, University of Rajshahi Central Library, University of Rajshahi Reading Room 01/12/2019   667.2 WHD 1952 01/12/2019 C-1 Books